00644cam a22002411 4500001000800000005001700008008004100025010001700066035001800083040001800101041000800119042001200127080001000139082001000149100000700159101000800166245001400174504003100188906004500219942001200264999001700276952010900293947956120180314094624.0740830s1973 xx 000 0 ita  a 74301190  a(OCoLC)994183 aDLCcNICdDLC aeng apremarc a7 BRU a7 BRU1 a44 aART00aBramante. aBibliography: p. 349-[362] a7bcbccoclcrplduencipf19gy-gencatlg 2ddccBK c45050d45050 00102udc40708PËKGa002b002cPËKGd2018-03-14l0o7 BRUp002-3001718r2018-03-14w2018-03-14yBK